US States without Vowels - Statistics

General Stats
  • This quiz has been taken 946 times
  • The average score is 44 of 50
Answers on the Map
Answers color-coded by a green-red scale on the quiz's map according to % correct below.
 
Answer Stats
State % Correct
H
98%
W
98%
MN
97%
TXS
96%
CLFRN
95%
FLRD
95%
LSK
93%
RZN
93%
WSHNGTN
93%
NVD
92%
NW YRK
92%
DH
91%
LBM
91%
NW MXC
91%
RGN
91%
TH
91%
CLRD
90%
GRG
90%
LSN
90%
MCHGN
90%
MNTN
90%
NRTH DKT
90%
STH DKT
90%
KNSS
88%
MSSSSPP
88%
HW
87%
LLNS
87%
RKNSS
87%
NRTH CRLN
86%
STH CRLN
86%
KNTCKY
85%
KLHM
84%
MNNST
84%
MSSR
84%
TNNSS
84%
WSCNSN
84%
WYMNG
84%
NDN
83%
NW JRSY
83%
VRGN
83%
VRMNT
83%
NBRSK
82%
NW HMPSHR
82%
PNNSYLVN
81%
DLWR
80%
WST VRGN
80%
MRYLND
78%
RHD SLND
78%
MSSCHSTTS
77%
CNNCTCT
75%
No matching quizzes found
Score Distribution
Percent of People with Each Score
Percentile by Number Answered
Your Score History
You have not taken this quiz